000 00881cab a2200265 4500
001 ABS55123
008 090401t1996 xxu||||| |||| 00| 0 eng d
035 _a(Sirsi) u14368
041 _aeng
100 _aBrewer, G.
245 _aAre rules a safe bet?
260 _c1996
350 _a0
490 _aContract Journal
_v23 May 1996, 24-25(2)
520 _aReports on an `extra-hazardous` exception to the duty of care rule in the tort of negligence. Looks at various case examples involving liability law. Argues in addition for more simplified health and safety rules.
650 _aEXTRA-HAZARDOUS ACTIVITY
650 _aINDEPENDENT CONTRACTOR
650 _aLIABILITY
650 _aNEGLIGENCE
650 _aOCCUPATIONAL HEALTH AND SAFETY
650 _aWORKING CONDITIONS
690 _aBUILT ENVIRONMENT-BUILDING STANDARDS
942 _n0
948 _c04/03/1997
999 _c9351
_d9351